000
00318nam a22001457a 4500
003
SGT
020
_a
97815-43343-14-4
082
_a
572.8
_b
KAU
100
_a
KAUR, MANJOT
245
_a
CELL AND MOLECULAR BIOLOGY
260
_a
INDIA
_b
PEE VEE PUB.
_c
2019
300
_a
392
650
_a
BIOLOGY
942
_2
ddc
_c
BK
999
_c
32481
_d
32481